000 00689nam a2200193 4500
001 113615
003 DR-UNIBE
005 20250602115025.0
008 250513b2005 dr ||||| |||| 00| 0 spa d
040 _aBIBLIOTECA UNIBE
_bspa
_cBIBLIOTECA UNIBE
_erda
041 _aspa
082 _222
_aRD 345.805 A265s
100 1 _aAgelán Casasnovas, Esther Elisa
_eautor
_9154692
245 1 0 _aSobre el plan renove :
_bquinta sala de la Cámara Penal del Juzgado de Primera Instancia del Distrito Nacional /
_cEsther Elisa Agelán Casasnovas
260 _aSanto Domingo :
_b[Editor no identificado],
_c2005
300 _axii, 340 páginas
650 7 _2lemb
_aProcedimiento penal
942 _2ddc
_cBK
999 _c113615
_d113615